Proyecto de Ley de Universidad del Trópico Húmedo es anticonstitucional
En este artículo se reproducen algunos fragmentos de la intervención del Dr. Fernando Durán Ayanegui, rector de la Universidad de Costa Rica, en el foro de discusión sobre el proyecto de creación de la EARTH convocado por el sindicato de esa universidad. Se establecen con claridad las consecuencias...
Sparad:
| Materialtyp: | Text |
|---|---|
| Ämnen: | |
| Taggar: |
Lägg till en tagg
Inga taggar, Lägg till första taggen!
|
MARC
| LEADER | 00000 a a2200000 04500 | ||
|---|---|---|---|
| 001 | 2159 | ||
| 003 | |||
| 040 | |||
| 245 | |a Proyecto de Ley de Universidad del Trópico Húmedo es anticonstitucional | ||
| 520 | |a En este artículo se reproducen algunos fragmentos de la intervención del Dr. Fernando Durán Ayanegui, rector de la Universidad de Costa Rica, en el foro de discusión sobre el proyecto de creación de la EARTH convocado por el sindicato de esa universidad. Se establecen con claridad las consecuencias negativas que tendría la ecuela de Agricultura del Trópico Húmedo sobre la soberanía nacional. R/mb | ||
| 650 | |a ESTABLECIMIENTOS DE ENSEÑANZA | ||
| 650 | |a LEGISLACION | ||
| 650 | |a ENSEÑANZA SUPERIOR | ||
| 650 | |a ESCUELAS AGRICOLAS | ||
| 650 | |a CONFLICTOS | ||
| 773 | |g número 1; páginas 6-7 | ||
| 999 | |c 21793 |d 21793 | ||
